Искусство витража (Запись № 804112)

Подробности
000 -МАРКЕР
контрольное поле 01563nam0a2200361 4500
001 - ИДЕНТИФИКАТОР ЗАПИСИ
контрольное поле RU\NLR\bibl\748133
005 - ИДЕНТИФИКАТОР ВЕРСИИ
контрольное поле 20250630111741.0
010 ## - МЕЖДУНАРОДНЫЙ СТАНДАРТНЫЙ НОМЕР КНИГИ (ISBN)
Номер (ISBN) 5-7793-0798-9
Тираж 3000
021 ## - НОМЕР ГОСУДАРСТВЕННОЙ РЕГИСТРАЦИИ
Код страны Российская Федерация
Номер 2005-88и
Номер Листа государственной регистраци
035 ## - ДРУГИЕ СИСТЕМНЫЕ НОМЕРА
Идентификатор записи (NLR Aleph) 000737952
100 ## - ДАННЫЕ ОБЩЕЙ ОБРАБОТКИ
Данные общей обработки 20050413d2004 |||y0rusy50 ca
101 1# - ЯЗЫК РЕСУРСА
Язык текста, звукозаписи и т.д. русский
Язык оригинала не определено
102 ## - СТРАНА ПУБЛИКАЦИИ ИЛИ ПРОИЗВОДСТВА
Страна публикации Российская Федерация
105 ## - ПОЛЕ КОДИРОВАННЫХ ДАННЫХ: ТЕКСТОВЫЕ МАТЕРИАЛЫ, МОНОГРАФИЧЕСКИЕ
Кодированные данные о монографическом текстовом документе a |||||||||
200 1# - ЗАГЛАВИЕ И СВЕДЕНИЯ ОБ ОТВЕТСТВЕННОСТИ
Основное заглавие Искусство витража
Сведения, относящиеся к заглавию от истоков к современности
-- [альбом]
Первые сведения об ответственности Вирджиния Чиффо Рагин и Мэри Клеркин Хиггинс
Последующие сведения об ответственности [пер.: М. Бунеева]
210 ## - ПУБЛИКАЦИЯ, РАСПРОСТРАНЕНИЕ И ДР.
Место издания, распространения и т.д. Москва
Имя издателя, распространителя и т. д. Белый город
Дата издания, распространения и т.д. cop. 2004
215 ## - ФИЗИЧЕСКАЯ ХАРАКТЕРИСТИКА
Специфическое обозначение материала и объем 288 с.
Другие сведения о физической характеристике ил., цв. ил.
Размеры 29
225 1# - СЕРИЯ
Основное заглавие серии Энциклопедия мирового искусства
300 ## - ОБЩИЕ ПРИМЕЧАНИЯ
Текст примечания На 3-й с. суперобл. авт.: В. Ч. Рагин, проф. истории искусства, М. К. Хиггинс, худож.-реставратор
300 ## - ОБЩИЕ ПРИМЕЧАНИЯ
Текст примечания На обл. и суперобл. авт. не указаны
320 ## - ПРИМЕЧАНИЯ О НАЛИЧИИ В ДОКУМЕНТЕ БИБЛИОГРАФИИ / УКАЗАТЕЛЯ
Текст примечания Библиогр.: с. 283-286
320 ## - ПРИМЕЧАНИЯ О НАЛИЧИИ В ДОКУМЕНТЕ БИБЛИОГРАФИИ / УКАЗАТЕЛЯ
Текст примечания Имен. указ.: с. 287
606 1# - НАИМЕНОВАНИЕ ТЕМЫ КАК ПРЕДМЕТ
Наименование темы Витражи
Формальный подзаголовок Альбомы
Тематический подзаголовок История
Системный номер авторитетной/нормативной записи 2095743
Идентификатор авторитетной/нормативной записи RU\NLR\auth\661268030
686 ## - ИНДЕКСЫ ДРУГИХ КЛАССИФИКАЦИЙ
Индекс Щ143(0)-461.4я61
700 #1 - ИМЯ ЛИЦА - ПЕРВИЧНАЯ ОТВЕТСТВЕННОСТЬ
Начальный элемент ввода Рагин
Часть имени, кроме начального элемента ввода В. Ч.
Расширение инициалов личного имени Вирджиния Чиффо
Код отношения Автор
701 #1 - ИМЯ ЛИЦА - АЛЬТЕРНАТИВНАЯ ОТВЕТСТВЕННОСТЬ
Начальный элемент ввода Хиггинс
Часть имени, кроме начального элемента ввода М. К.
Расширение инициалов личного имени Мэри Клеркин
Код отношения Автор
801 #0 - ИСТОЧНИК ЗАПИСИ
Страна Российская Федерация
Организация NLR
Дата составления 20050413
Правила каталогизации rcr
801 #1 - ИСТОЧНИК ЗАПИСИ
Страна Российская Федерация
Организация NLR
Дата составления 20050413
942 ## - ДОПОЛНИТЕЛЬНЫЕ ЭЛЕМЕНТЫ ЗАПИСИ (АБИС)
Тип экземпляра АБИС Книга
980 ## - КОЛЛЕКЦИЯ
Название коллекции Национальная библиография
Экземпляры
Тип экземпляра Дата поступления Источник поступления Библиотека постоянного хранения Библиотека текущего хранения Место хранения Шифр хранения Штрих-код Статус экземпляра Стоимость Нумерация / хронология для периодики
Книга 02.09.2005 Покупка РНБ (Московский) РНБ (Московский) Фонд общего зала литературы по филологии, педагогике и искусству (гуманитарной литературы) Л1 Щ14 БФ/Р-142 1-460335   1271.60  
Книга 19.02.2007 Покупка РНБ (Московский) РНБ (Московский) Обменный фонд   1-4329084   500.00 2001
Книга 13.04.2005 Обязательный экземпляр РНБ (Садовая) РНБ (Садовая) Фонд эстампов и фотографий (изоизданий) Э АлИс625/2-54 895269      
Книга 13.04.2005 Обязательный экземпляр РНБ (Садовая) РНБ (Садовая) Фонд эстампов и фотографий (изоизданий) Э АлИс625/2-54 895271      
Книга 19.02.2007 Покупка РНБ (Садовая) РНБ (Садовая) Универсальный читальный зал У Щ14/Р-142 1-135323   1271.60  
Книга 02.09.2005 Покупка РНБ (Фонтанка) РНБ (Фонтанка) Юношеский читальный зал Ю Щ113/Р-14 1-225334   1271.60